000 00835nam a2200217Ia 4500
003 GCL
008 140319s9999 xx 000 0 ara d
040 _aGCL /
_cGCL
082 0 4 _a016.810
_bم م
100 1 _aمحمد بيرم الخامس
245 1 0 _aملاحظات سياسية, فى: كتاب محمد بيرم الخامس بيليوغرافية تحليلية(من ص 257:287) /
_cمحمد بيرم الخامس
260 _a[S.N] :
_bالمؤسسة الوطنية للترجمة والتحقيق ،
_c1989
300 _a319 ص
490 _aتاريخ الادب العربى
_v0
650 0 4 _aالادب العربى
650 0 4 _aتونس
650 0 4 _aالببليوجرافيات الموضوعية
650 0 4 _aالببليوجرافيات الدولية
650 0 4 _aتاريخ ونقد
942 _2ddc
_cBK
999 _c35956
_d35956